Namseling, Bhutan : (Record no. 2924)

MARC details
000 -LEADER
fixed length control field 00694nam a2200217 4500
001 - CONTROL NUMBER
control field 3588
005 - DATE AND TIME OF LATEST TRANSACTION
control field 20181127171543.0
010 00 - LIBRARY OF CONGRESS CONTROL NUMBER
LC control number
020 00 - INTERNATIONAL STANDARD BOOK NUMBER
International Standard Book Number
090 00 - LOCALLY ASSIGNED LC-TYPE CALL NUMBER (OCLC); LOCAL CALL NUMBER (RLIN)
Classification number (OCLC) (R) ; Classification number, CALL (RLIN) (NR) 305.891418 F5331n 2010
100 00 - MAIN ENTRY--PERSONAL NAME
Personal name
245 00 - TITLE STATEMENT
Title Namseling, Bhutan :
Remainder of title A brief ethnography by the anthropology students of Royal Thimphu College /
Statement of responsibility, etc. Fisher, James F.
Medium
250 00 - EDITION STATEMENT
Edition statement
260 00 - PUBLICATION, DISTRIBUTION, ETC.
Place of publication, distribution, etc. [Thimphu] :
Name of publisher, distributor, etc. [Royal Thimphu College],
Date of publication, distribution, etc. 2010.
300 00 - PHYSICAL DESCRIPTION
Extent 59 leaves
500 ## - GENERAL NOTE
General note "Edited by James F. Fisher, June 2010"
General note Student research project for Sociology/Political Science; James F. Fisher, lecturer.
General note Spiral-bound xerographic copy
650 00 - SUBJECT ADDED ENTRY--TOPICAL TERM
Topical term or geographic name entry element
General subdivision
Topical term or geographic name entry element Ethnohistory --Bhutan.
General subdivision
Holdings
Withdrawn status Lost status Source of classification or shelving scheme Damaged status Not for loan Collection code Home library Current library Shelving location Serial Enumeration / chronology Inventory number Total Checkouts Full call number Barcode Date last seen Copy number Price effective from Koha item type
    Dewey Decimal Classification     Binding Materials. RTC Library RTC Library Binding 6128   305.8 FIS 30002350 27/11/2018 1 27/11/2018 Binder
    Dewey Decimal Classification     Binding Materials. RTC Library RTC Library Binding 6129   305.8 FIS 30002382 27/11/2018 2 27/11/2018 Binder
Royal Thimphu College || All Right Reserved